| 000 -LEADER |
| fixed length control field |
00358nam a2200145 4500 |
| 003 - CONTROL NUMBER IDENTIFIER |
| control field |
OSt |
| 005 - DATE AND TIME OF LATEST TRANSACTION |
| control field |
20230717182423.0 |
| 008 - FIXED-LENGTH DATA ELEMENTS--GENERAL INFORMATION |
| fixed length control field |
230717b ||||| |||| 00| 0 eng d |
| 020 ## - INTERNATIONAL STANDARD BOOK NUMBER |
| International Standard Book Number |
9780415702355 |
| 100 ## - MAIN ENTRY--PERSONAL NAME |
| Dates associated with a name |
Kuppaswamy Iyengar |
| 245 ## - TITLE STATEMENT |
| Title |
Sustainable architectural design an overview |
| 260 ## - PUBLICATION, DISTRIBUTION, ETC. (IMPRINT) |
| Place of publication, distribution, etc |
London |
| Name of publisher, distributor, etc |
Routledge |
| 300 ## - PHYSICAL DESCRIPTION |
| Extent |
274p; |
| 942 ## - ADDED ENTRY ELEMENTS (KOHA) |
| Source of classification or shelving scheme |
|